Văn hóa dân gian làng Xuân Úc (Huyện Quỳnh Lưu - Tỉnh Nghệ An)

Giới thiệu Văn hóa dân gian làng Xuân Úc, thuộc xã Quỳnh Liên, huyện Quỳnh Lưu - một làng quê có nhiều đặc sắc về văn hóa dân gian

Tallennettuna:
Bibliografiset tiedot
Päätekijä: Trần, Hữu Đức
Aineistotyyppi: Kirja
Kieli:Undetermined
Julkaistu: Hà Nội Văn hóa Dân tộc 2016
Aiheet:
Tagit: Lisää tagi
Ei tageja, Lisää ensimmäinen tagi!
Thư viện lưu trữ: Trung tâm Học liệu Trường Đại học Cần Thơ
LEADER 00824nam a2200193Ia 4500
001 CTU_216894
008 210402s9999 xx 000 0 und d
082 |a 398.0959742 
082 |b Đ556 
100 |a Trần, Hữu Đức 
245 0 |a Văn hóa dân gian làng Xuân Úc (Huyện Quỳnh Lưu - Tỉnh Nghệ An) 
245 0 |c Trần Hữu Đức 
260 |a Hà Nội 
260 |b Văn hóa Dân tộc 
260 |c 2016 
520 |a Giới thiệu Văn hóa dân gian làng Xuân Úc, thuộc xã Quỳnh Liên, huyện Quỳnh Lưu - một làng quê có nhiều đặc sắc về văn hóa dân gian 
650 |a Văn hóa dân gian,Folklore 
904 |i Thủy Tiên (Nguyên) 
980 |a Trung tâm Học liệu Trường Đại học Cần Thơ